Chemické struktury. [Díl] II. /

Hlavní autor: Lasovský, Jan, 1943-
Jazyk: Čeština
Vydáno: Olomouc : Vydavatelství Univerzity Palackého, 1991
Vydání: 2. vyd.
Fyzický popis: 74 s.
Knihy
Uloženo v:
LEADER 00713nam a22002292a 4500
001 000198727
003 CZ BrMZK
005 19970103143423.0
008 970103s1991 xr f cze d
015 |a cnb000065658 
020 |a 80-7067-420-2 
035 |a (OCoLC)39594861 
040 |a BOA001  |b cze 
080 |a 539.1(075.8)  |2 MRF 
100 1 |a Lasovský, Jan,  |d 1943-  |7 jo20000075457 
245 1 0 |a Chemické struktury.  |n [Díl] II. /  |c Jan Lasovský 
250 |a 2. vyd. 
260 |a Olomouc :  |b Vydavatelství Univerzity Palackého,  |c 1991 
300 |a 74 s. 
910 |a BOA001  |b TK-A-0249.185,2 
990 |a BK 
996 7 |b 2629992618  |c TK-A-0249.185/2  |l MZK  |r Sklad / do 24 hodin  |n 0  |w 000198727  |u 000010  |a 1  |e BOA001  |j MZK50  |s A